| 000 | 01266nam2a22002531 4500 | ||
|---|---|---|---|
| 001 | rc\3518422 | ||
| 005 | 20250610031125.0 | ||
| 035 | _a(NLR Aleph) 007660427 | ||
| 090 |
_a6325452 _c6325452 |
||
| 100 | _a20130115d1971 |||y0rusy50 ca | ||
| 101 | 0 | _arus | |
| 102 | _aRU | ||
| 105 | _aab z ||||| | ||
| 200 | 1 |
_aСборник статей] _fАН УССР |
|
| 210 |
_d1971 _aБ. м. |
||
| 215 |
_a220, [7] с. _cчерт., карт. |
||
| 320 | _aСписки лит. в конце статей | ||
| 461 | 0 |
_1001rc\3518420 _12001#$aВлияние хозяйственной деятельности на водный баланс$f[Ред. коллегия: д-р техн. наук, проф. С.М. Перехрест (отв. ред.) и др. Ч. 1]-$gСовет по изучению производит. сил УССР$v[Ч. 2 _96325435 _cКиев _d1969- _f[Ред. коллегия: д-р техн. наук, проф. С.М. Перехрест (отв. ред.) и др. Ч. 1]- _nБ. и. _tВлияние хозяйственной деятельности на водный баланс _v[Ч. 2 |
|
| 532 | 1 | 3 | _aСборник статей |
| 801 | 0 |
_aRU _bNLR _gpsbo |
|
| 801 | 1 |
_aRU _bELAR _2rusmarc |
|
| 852 |
_aNLR _j69-3/9556 |
||
| 942 | _cBOOK | ||
| 980 | _aNB | ||